000 00793nam a2200229Ia 4500
003 GCL
008 140319s9999 xx 000 0 ara d
040 _aGCL /
_cGCL
082 0 4 _a915.68
_bف ع
100 1 _aفوزى زيادين
245 1 0 _aعمان الكبرى اثار وحضارة /
_cفوزى زيادين
260 _aالاردن :
_bمنشورات امانة عمان الكبرى ،
_c2004
300 _a294 ص ؛
_c24 سم
650 0 4 _aالاثار الاسلامية
650 0 4 _aالاردن - تاريخ
650 0 4 _aالاردن - الاحوال السياسية
650 0 4 _aالاردن - اثار
650 0 4 _aالمساجد - الاردن
650 0 4 _aالمساجد - تاريخ - الاردن
650 0 4 _aعمان - الاثار
942 _2ddc
_cBK
999 _c8349
_d8349